Como hacer una asociación civil /

Guardado en:
Autor Principal: Taleva Salvat, Orlando
Formato: Libro
Publicado: Buenos Aires : Valletta, 1994
Series:Colección Cómo hacer
Materias:
Etiquetas: Agregar Etiqueta
Sin Etiquetas, Sea el primero en etiquetar este registro!
LEADER 00838nam a22001935a 4500
001 CEM.cems010731
005 20080403125629.0
008 130507s1994##################000#0#####d
003 CEMS
020 |a 9507430504 
082 0 4 |a 346.1 
100 1 |a Taleva Salvat, Orlando 
245 1 0 |a Como hacer una asociación civil /  |c Orlando Taleva Salvat 
260 |a Buenos Aires :  |b Valletta,  |c 1994 
300 |a 194 p. 
490 0 |a Colección Cómo hacer 
505 0 |a Denominación social y objeto -- Domicilio legal -- Asociados -- Personería jurídica -- Estatutos -- Organos sociales -- Contabilidad y documentación -- Tratamiento impositivo -- Cámaras empresarias -- Federaciones y confederaciones -- Convenio de asistencia técnica con la I.G.J. 
653 |a Asociaciones civiles 
859 |a CEMS  |b BIB. CEMS - 11 de abril  |h 346.1  |i T143  |p 21326.01  |t Ej.1